Libro guía: programación del trabajo escolar y desarrollo de actividades: primer curso alumnos de 4 a 5 años
Gardado en:
| Formato: | Libro |
|---|---|
| Idioma: | Lingua castelá |
| Publicado: |
Santiago
Santillana
1970
|
| Series: | Tecnología educativa, 1
|
| Subjects: | |
| Tags: |
Engadir etiqueta
Sen Etiquetas, Sexa o primeiro en etiquetar este rexistro!
|
MARC
| LEADER | 00000nam a2200000 a 4500 | ||
|---|---|---|---|
| 001 | UCY8514 | ||
| 003 | CL-VaPUC | ||
| 008 | 950703e19700000CL |||||||||||||||||spa|d | ||
| 082 | 0 | 4 | |a 372.21 |b LIB |2 21 |
| 245 | 1 | 0 | |a Libro guía: programación del trabajo escolar y desarrollo de actividades: primer curso alumnos de 4 a 5 años |
| 300 | |a 487 p | ||
| 942 | |c BK | ||
| 945 | |d 19950703 00:00:00 |a mfernand | ||
| 260 | |a Santiago |b Santillana |c 1970 | ||
| 650 | 0 | |a Educación preescolar |9 260381 | |
| 650 | 0 | |a Niños de edad preescolar |9 335607 | |
| 650 | 0 | |a Juegos educativos |9 307366 | |
| 650 | 0 | |a Desarrollo del lenguaje |9 311270 | |
| 650 | 0 | |a Desarrollo motor |9 313002 | |
| 650 | 0 | |a Educación artística |9 269035 | |
| 650 | 0 | |a Enseñanza de la música |9 339802 | |
| 650 | 0 | |a Apresto lectoescritura |9 309297 | |
| 583 | |a last modification |c 19950703 00:00:00 |k Rodrigo Vera | ||
| 490 | 0 | |a Tecnología educativa, 1 | |
| 999 | |c 235750 |d 235748 | ||
| 952 | |0 0 |1 0 |4 0 |6 372_210000000000000_LIB_1970 |7 0 |8 P |9 243363 |a BIBEDU |b BIBEDU |c BIBEDU_PB |d 2019-11-18 |i 1528661 |o 372.21 LIB 1970 |p 1528661 |r 2024-01-25 |w 2019-11-18 |y BK |k EDU | ||